000 00483nam a2200181Ia 4500
001 1919
005 20260306143804.0
008 260306t2011||||xx |||||||||||||| ||spa||
041 _aESP
082 _a158.1
_bP43
100 _aPereira del Valle, Mariela
_eAUT
245 0 _aDesarrollo personal y autoestima:
_bguía práctica para construir una personalidad
260 _c2011
300 _a155 páginas :
_c24 cm.
650 _aGEN
654 _aCPS
942 _cLIB
_dJUS
_fJUS
_2ddc
_n
999 _c1919
_d1919